000 01394cam a22003857a 4500
003 CHAP
005 20220329141833.0
008 971201d1997 mx ab r 00110 spa d
010 _a74603
011 _a75575
035 _a85140
040 _cCHAP
090 _aTesis
100 0 0 _aGarcía Lucas, Elvira.
_946231
245 1 3 _aEl cultivo de jengibre (Zingiber officinale Roscoe), una opción de diversificación agrícola en la Costa Grande de Guerrero
_c/por Elvira García Lucas
260 _aChapingo, Méx. :
_bEl autor,
_c1997.
300 _a147 h. :
_bilus. ; gráfs. ; mapas
502 _aTesis (Ing. en Agroecología) --UACH. Programa en Agroecología
590 _aALEPH
_b10
_c20130110
_lUCH01
_h1420
590 _aBATCH-UPD
_b10
_c20130110
_lUCH01
_h0249
590 _aBATCH-UPD
_b10
_c20130110
_lUCH01
_h1819
590 _aBATCH-UPD
_b10
_c20130409
_lUCH01
_h2320
590 _aBATCH-UPD
_b10
_c20130914
_lUCH01
_h0809
590 _aCONVERSION
_b10
_c20130109
_lUCH01
_h1341
650 1 4 _aCafé
_xGuerrero.
_917151
650 1 4 _aCoco
_xGuerrero.
_924248
650 1 4 _aEspecias.
_937785
650 1 4 _aJengibre
_xGuerrero.
_961302
901 _aBK
905 _aMayto Villalobos S.
942 _cFOLL
949 _bBC
_cTES
_d33724000629259
_eTS2
_fc.3
_h31870
_i85140
_si
949 _bBC
_cTES
_d33724000637658
_eTS2
_fc.2
_h31794
_i85140
_si
949 _bBC
_cTES
_d851401
_eTS1
_h31793
_i85140
_sb
999 _c74603
_d74603